000 00360nam a22001577a 4500
003 SGT
020 _aC-22-08-13256
082 _a530.092
_bJOS
100 _aJOSHI,AW
245 _aELEMENTS OF GROUP THEORYFOR PHYSICISTS
250 _a6TH
260 _aDELHI
_bNEW AGE INTERNATIONAL PUBLISHERS
_c2023
300 _a308
650 _aPHYSICS
942 _2ddc
_cBK
999 _c24973
_d24973